Music Quiz

Random Music or Letter Quiz

Composer jumbles Quiz Stats

 Plays Quiz not verified by Sporcle

Score 0/10 Timer 06:00
0 Plays Today
Composer Answer % Correct
chabach
88.9%
gnerwwagner
81.5%
ihopcchopin
81.5%
rechubsschubert
70.4%
andyhaydn
63%
usastsstrauss
55.6%
pegshirrespighi
55.6%
boorinborodin
51.9%
Why couldn't the student wear his Beatles shirt to school? It was a- (a 4 letter word and a 5 letter word)band shirt
37%
taracltiscarlatti
25.9%

You're not logged in!

Compare scores with friends on all Sporcle quizzes.
OR
Log In

Show Comments

Extras

Created Feb 23, 2014ReportNominate
Tags:Letter Quiz, composer, jumble

Top Quizzes Today


Score Distribution

Your Account Isn't Verified!

In order to create a playlist on Sporcle, you need to verify the email address you used during registration. Go to your Sporcle Settings to finish the process.

Report this User

Report this user for behavior that violates our Community Guidelines.

Details: